Một số vấn đề về kiểm thử phần mềm

Vấn đề chất lượng phần mềm và kiểm thử phần mềm; Các kỹ thuật kiểm thử phần mềm; Chiến lược kiểm thử phần mềm; Một số ứng dụng cụ thể của quy trình kiểm thử.

Salvato in:
Dettagli Bibliografici
Autore principale: Lê Thị Mỹ Hạnh.
Altri autori: Nguyễn Xuân Huy, PGS. TSKH. (hướng dẫn.)
Natura: Libro
Lingua:Vietnamese
Pubblicazione: Đà Nẵng : Đại học Đà Nẵng, 2004.
Soggetti:
Tags: Aggiungi Tag
Nessun Tag, puoi essere il primo ad aggiungerne! !
Thư viện lưu trữ: Mạng thư viện Đại học Đà Nẵng
LEADER 01516cam a2200373 a 4500
001 000044664
003 3070
005 20060208160751.0
008 010313b2004 vm 000 vie
040 |a LRC  |c LRC  |d LRC 
041 0 |a vie 
082 1 4 |a 005.14  |b LÊ-H 
100 1 |a Lê Thị Mỹ Hạnh. 
245 1 0 |a Một số vấn đề về kiểm thử phần mềm  |h [Thesis - Luận văn] /  |c Lê Thị Mỹ Hạnh ; Nguyễn Xuân Huy hướng dẫn. 
260 |a Đà Nẵng :  |b Đại học Đà Nẵng,  |c 2004. 
300 |a vi, 95 tr. :  |b mh. ;  |c 30 cm. 
520 3 |a Vấn đề chất lượng phần mềm và kiểm thử phần mềm; Các kỹ thuật kiểm thử phần mềm; Chiến lược kiểm thử phần mềm; Một số ứng dụng cụ thể của quy trình kiểm thử. 
630 0 4 |a Phần mềm. 
630 0 4 |a Tin học. 
650 0 4 |a Phần mềm. 
700 1 |a Nguyễn Xuân Huy,  |c PGS. TSKH.,  |e hướng dẫn. 
OWN |a DUT 
AVA |a UDN50  |b DUT  |c Internal Resources  |d 005.14 LÊ-H  |e available  |t Error 5001 Not defined in file expand_doc_bib_avail.  |f 1  |g 0  |h N  |i 0  |j NS  |k 1 
999 |a From the UDN01 
AVA |a UDN50  |b DUT  |c Internal Resources  |d 005.14 LÊ-H  |e available  |t Error 5001 Not defined in file expand_doc_bib_avail.  |f 1  |g 0  |h N  |i 0  |j NS  |k 1 
TYP |a Mixed Materials 
TYP |a Monograph 
TYP |a Printed language 
980 |a Mạng thư viện Đại học Đà Nẵng